• 首页
  • 本馆介绍
  • 公告通知
  • 最新文献
  • 馆藏检索
  • 电子资源
  • 读者导购
  • 参考咨询
  • 我的图书馆
  • 登录
  • 详细信息显示
  • 放入我的书架
  • 预约/预借图书
  • 作者相关作品
  • 分类相关作品
  • 丛书相关作品
  • 出版社相关作品

书目信息

  • 表格格式
  • 工作单格式
  • 卡片格式
题名:
产品责任前沿问题审判实务
    
 
作者: 亓培冰 , 张江莉 著
分册:  
出版信息: 北京   中国法制出版社  2014
页数: 229页
开本: 25cm
丛书名: 前沿问题审判实务丛书
单 册:
中图分类: D922.294.4
科图分类:
主题词: 产品责任法--Chan Pin Ze Ren Fa--审判--研究--中国
电子资源:
ISBN: 978-7-5093-5425-4
000 01039nam0 22002651 450
001 349890
005 20161008165750.78
010    @a978-7-5093-5425-4@dCNY45.00
100    @a20141115d2014 em y0chiy50 ea
101 0  @achi
102    @aCN@b110000
105    @ay z 000yy
106    @ar
200 1  @a产品责任前沿问题审判实务@AChan Pin Ze Ren Qian Yan Wen Ti Shen Pan Shi Wu@f亓培冰,张江莉著
210    @a北京@c中国法制出版社@d2014
215    @a229页@d25cm
225 2  @a前沿问题审判实务丛书@AQian Yan Wen Ti Shen Pan Shi Wu Cong Shu@f江必新主编
330    @a本书围绕产品责任审判实务中的热点、难点问题以专题的形式进行分析和探讨。全书共六个专题,分别为产品、产品缺陷、产品责任、产品责任的证明、产品责任诉讼的主体、其他问题。
461  0 @12001 @a前沿问题审判实务丛书
606 0  @a产品责任法@AChan Pin Ze Ren Fa@x审判@x研究@y中国
690    @aD922.294.4@v5
701  0 @a亓培冰@AQi Pei Bing@4著
701  0 @a张江莉@AZhang Jiang Li@c(女,@f1977~)@4著
801  0 @aCN@bTANGWEI@20160802
905    @b0887275-9@dD922.294.4@e1330@f5
    
    产品责任前沿问题审判实务/亓培冰,张江莉著.-北京:中国法制出版社,2014
    229页;25cm.-(前沿问题审判实务丛书/江必新主编)
    
    
    ISBN 978-7-5093-5425-4:CNY45.00
    本书围绕产品责任审判实务中的热点、难点问题以专题的形式进行分析和探讨。全书共六个专题,分别为产品、产品缺陷、产品责任、产品责任的证明、产品责任诉讼的主体、其他问题。
●
相关链接 在E读中查询图书 在五车中查询图书 在当当中查询图书 在豆瓣中查询图书


正题名:产品责任前沿问题审判实务     索取号:D922.294.4/1330         预约/预借

序号 登录号 条形码 馆藏地/架位号 状态 备注
1 0887275   208872754   第一样本阅览室/ [索取号:D922.294.4/1330] 在馆    
2 0887276   208872763   第一借阅区/ [索取号:D922.294.4/1330] 在馆    
3 0887277   208872772   第一借阅区/ [索取号:D922.294.4/1330] 在馆    
4 0887278   208872781   第一借阅区/ [索取号:D922.294.4/1330] 在馆    
5 0887279   208872790   密集书库-史法系/ [索取号:D922.294.4/1330] 在馆    
唐山师范学院图书馆 欢迎您!
大连网信软件有限公司© 版权所有